| 000 | 00866nam a2200217 i 4500 | ||
|---|---|---|---|
| 001 | 163348 | ||
| 003 | ES-MaACL | ||
| 005 | 20230906212725.0 | ||
| 008 | 931025s1789 po |||| | por d | ||
| 040 |
_aCAM _bspa _cPAB |
||
| 100 | 1 |
_aResende, André de ( _d1498-1573) _996321 |
|
| 245 | 1 | 0 |
_aVida do infante don Duarte / _cpelo mestre André de Rezende, mandada publicar pela Academia Real das Sciencias de Lisboa. |
| 260 |
_aLisboa : _bna Offic. da Academia Real das Sciencias, _c1789. |
||
| 300 |
_a8], 63 p. ; _c8º. |
||
| 597 | _aSign.: ]4, A-D8. | ||
| 597 | _aAntep. | ||
| 597 | _aPort. con grab. xil. | ||
| 600 | 1 | 4 |
_aDuarte de Braganza _cInfante de Portugal. _9155194 |
| 651 | 4 |
_aPortugal- _xHistoria- _y1580-1640, Dinastía española. _9155195 |
|
| 852 |
_aES-MaACL _jR-2776(4) _z-- Enc. hol., falto de la enc. original _z-- Enc. en un vol. facticio |
||
| 999 |
_c163348 _d163348 |
||